The Thrones of Earth and Heaven /

Сохранить в:
Библиографические подробности
Главный автор: Beny, Roloff (autor)
Другие авторы: Stark, Freya (texto) (texto), Read, Herbert (prefacio) (prefacio)
Формат:
Язык:английский
Опубликовано: Londres, Inglaterra : Thames and Hudson, 1958, c1958
Предметы:
Метки: Добавить метку
Нет меток, Требуется 1-ая метка записи!

MARC

LEADER 00000nam^a2200000^a^4500
001 000186725
005 20250521000000.0
009 20260310102236.767
037 |a Acervo ITESO - Biblioteca 
041 |a ING 
082 |a 770. 971  |b BEN STA 
100 |a Beny, Roloff  |e (autor) 
245 1 4 |a The Thrones of Earth and Heaven /  |c R. Beny ; texto de F. Stark... [et al.] ; pref. de H. Read. 
264 4 |a Londres, Inglaterra :  |b Thames and Hudson,  |c 1958, c1958 
300 |a 182 p. 
336 |a texto  |b txt  |2 rdacontenido 
337 |a sin mediación  |b n  |2 rdamedio 
338 |a volumen  |b nc  |2 rdasoporte 
649 |a XX 
650 |a Fotógrafos Canadienses 
650 |a Artistas Canadienses 
650 |a Fotografía en Blanco y Negro 
650 |a Fotografía Canadiense -  |y Siglo XX 
650 |a Fotografía Canadiense -  |x Historia y Crítica 
650 |a Palacios 
650 |a Castillos 
650 |a Arquitectura -  |z Mediterráneo (Región) 
650 |a Arquitectura Romana -  |x Historia y Crítica 
650 |a Arquitectura Griega -  |x Historia y Crítica 
650 |a Arquitectura Egipcia -  |x Historia y Crítica 
650 |a Escultura -  |z Mediterráneo (Región) 
650 |a Escultura Romana -  |x Historia y Crítica 
650 |a Escultura Griega -  |x Historia y Crítica 
650 |a Escultura Egipcia -  |x Historia y Crítica 
650 |a Arte Romano -  |x Historia y Crítica 
650 |a Arte Griego -  |x Historia y Crítica 
650 |a Arte Egipcio -  |x Historia y Crítica 
650 |a Arte Canadiense -  |y Siglo XX 
650 |a Arte Canadiense -  |x Historia y Crítica 
600 |a Beny, Roloff 
700 |a Stark, Freya  |e (texto) 
700 |a Read, Herbert  |e (prefacio) 
910 |a Fondo Julio de la Peña Lomelín 
920 |a Impresos - Libros 
930 |a Arquitectos Jaliscienses 
905 |a 115 
901 |a 0500128532  |b IT1  |c JAL  |u 20250521 
902 |a https://opac.biblio.iteso.mx/vufind/Record/000186725